<?xml version="1.0" encoding="UTF-8"?>
<marc:record xmlns:marc="http://www.loc.gov/MARC21/slim">
   <marc:leader>00000nam a2200000 a 4500</marc:leader>
   <marc:datafield ind1="1" ind2=" " tag="100">
      <marc:subfield code="a">Astner, Lucy</marc:subfield>
      <marc:subfield code="4">aut</marc:subfield>
      <marc:subfield code="e">Verfasser/-in</marc:subfield>
   </marc:datafield>
   <marc:datafield ind1="1" ind2=" " tag="100">
      <marc:subfield code="a">Resch, Nadine Y.</marc:subfield>
   </marc:datafield>
   <marc:datafield ind1=" " ind2=" " tag="653">
      <marc:subfield code="a">Winterschlaf</marc:subfield>
   </marc:datafield>
   <marc:datafield ind1=" " ind2=" " tag="653">
      <marc:subfield code="a">Buntspecht</marc:subfield>
   </marc:datafield>
   <marc:datafield ind1=" " ind2=" " tag="653">
      <marc:subfield code="a">Nicht-so-gerne-Teilen</marc:subfield>
   </marc:datafield>
   <marc:datafield ind1="0" ind2="0" tag="245">
      <marc:subfield code="a">Wer hat von meinem Keks genascht?</marc:subfield>
   </marc:datafield>
   <marc:datafield ind1="0" ind2="0" tag="245">
      <marc:subfield code="b">Ein lustiges Bilderbuch über das "Nicht-so-gerne-teilen-wollen" und die Freude, die es bereitet, wenn man es doch tut!</marc:subfield>
   </marc:datafield>
   <marc:datafield ind1="0" ind2="0" tag="245">
      <marc:subfield code="c">Lucy Astner</marc:subfield>
   </marc:datafield>
   <marc:datafield ind1=" " ind2="1" tag="264">
      <marc:subfield code="a">Köln</marc:subfield>
      <marc:subfield code="b">Baumhaus</marc:subfield>
      <marc:subfield code="c">2024</marc:subfield>
   </marc:datafield>
   <marc:datafield ind1=" " ind2=" " tag="250">
      <marc:subfield code="a">1. Auflage 2024</marc:subfield>
   </marc:datafield>
   <marc:datafield ind1="1" ind2=" " tag="520">
      <marc:subfield code="a">Ein lustiges Bilderbuch über das »Nicht-so-gerne-Teilen-wollen« und die unerwartete Freude, die es bereitet, wenn man es doch tut! &lt;br/&gt;&lt;br/&gt; &lt;br/&gt;Igel traut seinen Augen kaum: Da liegt der leckerste Keks der Welt, direkt vor seiner Haustür. Heute muss sein Glückstag sein! Doch als er kurz in seinem Bau verschwindet, nascht doch tatsächlich jemand von seiner Leckerei - unerhört! Die Bissspuren sind deutlich zu erkennen, und Igel beschließt, sich den Keksdieb zu schnappen! Aber mit jedem Waldbewohner, der seine Unschuld beweisen will, indem er in den Keks beißt und seine Bissspuren zeigt, wird Igels Keks kleiner. Ob er wohl versteht, dass ein kleiner Keks ausreicht, wenn er am Ende ganz groß geteilt wird? &lt;br/&gt;&lt;br/&gt; &lt;br/&gt;Eine mit viel Witz erzählte Geschichte von Erfolgsautorin Lucy Astner (»POLLY SCHLOTTERMOTZ«) zum Mitraten und Spaß haben! &lt;br/&gt;&lt;br/&gt; &lt;br/&gt;Humorvoll illustriert von Nadine Resch (»DAS KUSCHELTIERKOMMANDO«)</marc:subfield>
   </marc:datafield>
   <marc:datafield ind1=" " ind2=" " tag="020">
      <marc:subfield code="a">9783833909238</marc:subfield>
      <marc:subfield code="9">9783833909238</marc:subfield>
   </marc:datafield>
   <marc:datafield ind1=" " ind2=" " tag="041">
      <marc:subfield code="a">ger</marc:subfield>
   </marc:datafield>
   <marc:datafield ind1="1" ind2=" " tag="521">
      <marc:subfield code="a">0</marc:subfield>
   </marc:datafield>
   <marc:datafield ind1=" " ind2=" " tag="300">
      <marc:subfield code="a">32 Seiten</marc:subfield>
   </marc:datafield>
</marc:record>
